000 00807nam a22003250a 4500
001 PT30134
003 AR-LpoUNG
005 20210131233607.0
008 191001s1997||||ag |||||||||||||||||spa d
020 _a9879670507
_c$7.50
040 _aAR-LpoUNG
_bspa
_cAR-LpoUNG
_eaacr
041 _aspa
044 _aag
082 0 _a982.066 243vue
100 1 _aLanata, Jorge
245 1 0 _aVuelta de página
250 _a2da. ed.
260 _aBuenos Aires :
_bJ. L. Producciones,
_c1997.
300 _a315 p. :
_btbls., gráfs., mapas
650 4 _aANALISIS HISTORICO
650 4 _aARGENTINA
650 4 _aCORRUPCION
650 4 _aDEMOCRACIA
650 4 _aGOBIERNO MILITAR
650 4 _aHISTORIA POLITICA
650 4 _aSOCIALISMO
651 4 _aArgentina
905 _a30134
942 _cLIB
999 _c21586
_d21586